LEADER 05381oam 22007214a 450 001 9910220111403321 005 20240501051410.0 010 $a9781612494494 010 $a1612494498 010 $a9781612494487 010 $a161249448X 035 $a(CKB)3710000000656714 035 $a(EBL)4567407 035 $a(SSID)ssj0001668303 035 $a(PQKBManifestationID)16456671 035 $a(PQKBTitleCode)TC0001668303 035 $a(PQKBWorkID)15001972 035 $a(PQKB)11399981 035 $a(OCoLC)945373644 035 $a(MdBmJHUP)muse48967 035 $a(MiAaPQ)EBC4567407 035 $a(Perlego)1589220 035 $a(EXLCZ)993710000000656714 100 $a20160115d2016 uy 0 101 0 $aeng 135 $aur|n|---||||| 181 $ctxt 182 $cc 183 $acr 200 00$aLaying the Foundation $eDigital Humanities in Academic Libraries /$fedited by John W. White and Heather Gilbert 205 $a1st ed. 210 1$aWest Lafayette, Indiana :$cPurdue University Press,$d2016. 210 4$dİ2016 215 $a1 online resource (244 p.) 225 0 $aCharleston insights in library, archival, and information sciences 300 $aDescription based upon print version of record. 311 08$a9781557537393 311 08$a1557537399 320 $aIncludes bibliographical references. 327 $aRecovering a humanist librarianship through digital humanities research / Trevor Munoz -- A history of history through the lens of our digital present, the traditions that shape and constrain data-driven historical research, and what librarians can do about it / Dr. James Baker -- Digital public history in the library : developing the Lowcountry Digital History Initiative at the College of Charleston / Mary Battle, Tyler Mobley, and Heather Gilbert -- Curating menus : digesting data for critical humanistic inquiry / Katherine Rawson -- Many voices, one experiment : building toward generous interfaces for oral history -- Collections with mapping the Long Women's Movement / Seth Kotch -- The center that holds : developing digital publishing initiatives at the Emory Center for Digital Scholarship / Sarah Melton -- Co-piloting a digital humanities center : a critical reflection on a libraries-academic partnership / Brian Rosenblum and Arienne Dwyer -- Advancing digital humanities at CU-Boulder through evidence-based service design / Thea Lindquist, Holley Long, and Alexander Watkins -- A collaborative approach to urban cultural studies and digital humanities / Benjamin Fraser and Jolanda-Pieta van Arnhem -- Fostering assessment strategies for digital pedagogy through faculty-librarian collaborations : an analysis of student-generated multi-modal digital scholarship / Harriett E. Green -- Library instruction for digital humanities pedagogy in undergraduate classes / Stewart Varner, Ph.D. 330 8 $aLaying the Foundation: Digital Humanities in Academic Libraries examines the library's role in the development, implementation, and instruction of successful digital humanities projects. It pays special attention to the critical role of librarians in building sustainable programs. It also examines how libraries can support the use of digital scholarship tools and techniques in undergraduate education. Academic libraries are nexuses of research and technology; as such, they provide fertile ground for cultivating and curating digital scholarship. However, adding digital humanities to library service models requires a clear understanding of the resources and skills required. Integrating digital scholarship into existing models calls for a reimagining of the roles of libraries and librarians. In many cases, these reimagined roles call for expanded responsibilities, often in the areas of collaborative instruction and digital asset management, and in turn these expanded responsibilities can strain already stretched resources.Laying the Foundation provides practical solutions to the challenges of successfully incorporating digital humanities programs into existing library services. Collectively, its authors argue that librarians are critical resources for teaching digital humanities to undergraduate students and that libraries are essential for publishing, preserving, and making accessible digital scholarship. 410 0$aCharleston insights in library, archival, and information sciences. 606 $aAcademic libraries$xRelations with faculty and curriculum$zUnited States 606 $aHumanities$xStudy and teaching (Higher)$zUnited States 606 $aHumanities$xElectronic information resources 606 $aHumanities$xResearch$xData processing 606 $aHumanities libraries$zUnited States 606 $aHumanities$xDigital libraries 615 0$aAcademic libraries$xRelations with faculty and curriculum 615 0$aHumanities$xStudy and teaching (Higher) 615 0$aHumanities$xElectronic information resources. 615 0$aHumanities$xResearch$xData processing. 615 0$aHumanities libraries 615 0$aHumanities$xDigital libraries. 676 $a025.060013 702 $aGilbert$b Heather$f1976- 702 $aWhite$b John W.$f1974- 801 0$bMdBmJHUP 801 1$bMdBmJHUP 906 $aBOOK 912 $a9910220111403321 996 $aLaying the foundation$92105977 997 $aUNINA